| 000 | 00655nam a2200229 a 4500 | ||
|---|---|---|---|
| 001 | BRL_199 | ||
| 005 | 20190320210630.0 | ||
| 008 | 121212s1979----mx-#######---#000-0#spa-u | ||
| 041 | _aspa | ||
| 044 | _amx | ||
| 050 | 4 |
_aF1256 _b.J67 1979 |
|
| 100 | 1 |
_aGuerrero Tapia, José _923200 |
|
| 245 | 1 | 0 |
_aChiapas, tragedia y paisaje _cJosé Guerrero Tapia. |
| 260 |
_aMéxico _bHerbasa _c1979 |
||
| 300 |
_a185 p. _c20 cm. |
||
| 500 | _aAu228 | ||
| 650 | 1 | 4 |
_aIndios de México _zChiapas _923201 |
| 651 | 4 |
_aChiapas (México) _xCondiciones sociales. _923202 |
|
| 651 | 4 |
_aChiapas (México) _xCondiciones económicas. _923203 |
|
| 902 | _aGRL | ||
| 942 |
_2lcc _cB |
||
| 999 |
_c9012 _d9012 |
||